000 01261nam0a2200301 4500
001 RU\NLR\BIBL_A\011369497
005 20250626053703.0
010 _a5-85864-069-9
_95000
035 _a(NLR Aleph) 011369497
090 _a11343000
_c11343000
100 _a20170418d1995 |||y0rusy50 ca
101 1 _arus
_cswe
102 _aRU
105 _aa|||z|||000zy
200 1 _aЛодка на аллеях парка
_eвведение в социологию
_eперевод со шведского
_fПер Монсон
_g[Федеральная целевая программа книгоиздания России]
210 _aМосква
_cВесь мир
_d1995
215 _a95, [1] с.
_cил.
_d20
300 _aЗагл. и авт. ориг.: Båten i parken / Per Månson
320 _aБиблиогр. в подстроч. примеч.
320 _aДр. произведения авт. на 5-й с.
454 0 _12001#$aBåten i parken$fPer Månson
_1700#1$aMånson$bP.$gPer
_tBåten i parken
_aMånson, Per
606 1 _aСоциология
_9893563
_3RU\NLR\AUTH\663357
686 1 _aС5
700 1 _aМонсон
_bП.
_gПер
942 _cBOOK
980 _aNB